000 00621nam a2200181Ia 4500
008 100920s9999 xx 000 0 und d
082 _b30585
_a28 व 891,461 थ 75
100 _aमालुसरे सूर्यकांत.
245 _aवरळीचा मनोरा.
260 _bअर्चना प्रकाशन,नागपूर.
_c1975
300 _a20
_bसाधी
365 _b3
520 _aबा.वि.पद्य.
630 _aवरळीचा मनोरा.
650 _aबा.वि.पद्य.
730 _aवरळीचा मनोरा.
942 _cBOOK
999 _c686009
_d686006